Eine Mannschaft, (Record no. 998)

MARC details
000 -LEADER
fixed length control field 00601cam a22002051 4500
001 - CONTROL NUMBER
control field af 47000870
003 - CONTROL NUMBER IDENTIFIER
control field DLC
005 - DATE AND TIME OF LATEST TRANSACTION
control field 20260227110805.0
008 - FIXED-LENGTH DATA ELEMENTS--GENERAL INFORMATION
fixed length control field 801101s1944 gw a 000 0 ger c
010 ## - LIBRARY OF CONGRESS CONTROL NUMBER
LC control number af 47000870
035 ## - SYSTEM CONTROL NUMBER
System control number (OCoLC)6888671
040 ## - CATALOGING SOURCE
Original cataloging agency Wisconsin. Univ. Libr.
Transcribing agency OCl
Modifying agency DLC
042 ## - AUTHENTICATION CODE
Authentication code premarc
050 00 - LIBRARY OF CONGRESS CALL NUMBER
Classification number PT2621.O29
Item number M3
100 1# - MAIN ENTRY--PERSONAL NAME
Personal name Laar, Clemens,
Dates associated with a name 1906-1960.
245 15 - TITLE STATEMENT
Title Eine Mannschaft,
Statement of responsibility, etc. von Clemens Laar [pseud.]
260 ## - PUBLICATION, DISTRIBUTION, ETC.
Place of publication, distribution, etc. Berlin,
Name of publisher, distributor, etc. Traditions-Verlag Kolk & Co.
Date of publication, distribution, etc. [1944]
300 ## - PHYSICAL DESCRIPTION
Extent 102, [1] p.
Other physical details illus.
Dimensions 18 cm.
490 0# - SERIES STATEMENT
Series statement Männer, Kämpfer, Abenteurer.
Volume/sequential designation Bd. 1

No items available.

Powered by Koha